00500nam a2200169 450000500170000001000150001702000260003203500140005803700090007208200140008110000330009524500760012825000060020426000440021027000550025430000210030920260409121639.0 aENG-148204 a9789393785039c300.00 aEN-131736 aDBAD 21a899.15 aSiddiqui, Prof. Mazher Alam  aGlimpses of Persian Language and LiteraturecProf. Mazher Alam Siddiqui a1 aDaryaganjbEducational Publishing House aH.O D1/16 Ansari Road, Daryaganj, New Delhi-110002 a138.pgc22cm(Hb)